V4 Countries - Analysis of Tourism
Cestovný ruch a jeho vplyv na ekonomiku v štyroch vybraných krajinách, konkrétne v krajinách V4: Slovensko, Česká republika, Maďarsko a Poľsko. Pomocou viackriteriálnej analýzy porovnávanie úrovne cestovného ruchu v daných krajinách.
Salvato in:
| Autore principale: | |
|---|---|
| Altri autori: | |
| Natura: | Capitolo di libro |
| Lingua: | inglese |
| Soggetti: | |
| Tags: |
Nessun Tag, puoi essere il primo ad aggiungerne!!
|
MARC
| LEADER | 00000naa a2200000 4500 | ||
|---|---|---|---|
| 001 | 0280930 | ||
| 005 | 20240502074348.9 | ||
| 041 | 0 | |a eng | |
| 044 | |a SK | ||
| 245 | 1 | 0 | |a V4 Countries - Analysis of Tourism |c Jana Coroničová Hurajová, Miroslava Majerská |
| 520 | |a Cestovný ruch a jeho vplyv na ekonomiku v štyroch vybraných krajinách, konkrétne v krajinách V4: Slovensko, Česká republika, Maďarsko a Poľsko. Pomocou viackriteriálnej analýzy porovnávanie úrovne cestovného ruchu v daných krajinách. | ||
| 610 | 2 | 0 | |a ruch cestovný |
| 610 | 2 | 0 | |a produkt domáci hrubý |
| 610 | 2 | 0 | |a Vyšehradská štvorka |
| 610 | 2 | 0 | |a entropia |
| 100 | 1 | |a Coroničová Hurajová, Jana, 1986- | |
| 700 | 1 | |a Majerská, Miroslava | |